Lisická, E. The Lichens of the Tatry Mountains ...

Bibliographic Details
Main Author: Guttová, Anna (Author)
Format: Article
Language:Slovak
ISBN:8096926535
Subjects:

MARC

LEADER 00000nab a2200000 a 4500
001 vtls010034362
003 SK-MaSNL
005 20260304161016.0
008 250507c2006 xo |||||||||||000 b|slo
015 |a SNBRA2009/12  |2 snkbucl 
035 |a (sysno)vtls010034362 
035 |a urn:nbn:sk:snk-ab726v 
035 |a (uuid)ff9f49a3-5125-4ec0-9339-3e11f8f8eb3d 
035 |a (urnnbn)urn:nbn:sk:snk:ar-a06pgm 
038 |a SNKBUCL 
040 |a SNKBUCL  |b slo  |c SNKBUCL  |e AACR2 
041 0 |a slo 
044 |a xo  |c SK 
080 |a 582.29  |x (437.6)  |x (048)  |2 1997 
080 |a 581.9  |x (437.6)  |x (048)  |2 1997 
100 1 |a Guttová, Anna  |4 aut  |9 12396 
245 1 0 |a Lisická, E. The Lichens of the Tatry Mountains ...  |c Anna Guttová 
650 0 7 |a lišajníky  |2 snkbucl  |9 3713 
650 0 7 |a flóra  |2 snkbucl  |9 85117 
650 0 7 |a publikácie  |2 snkbucl  |9 19587 
651 7 |a Tatry (Slovensko : región)  |2 snkbucl  |9 59212 
655 7 |a recenzie  |2 snkbucl  |9 21907 
773 0 |t Bulletin Slovenskej botanickej spoločnosti pri Slovenskej akadémii vied. Ročník 28 - 2006  |d Bratislava : Slovenská botanická spoločnosť pri SAV, 2006  |g S. 60  |z 8096926535 
787 0 8 |i Rec.:  |a Lisická, Eva, 1947-  |t The Lichens of the Tatry Mountains  |d Bratislava : Veda, 2005  |z 8022408263 
850 |a Slovenská národná knižnica 
852 |a Slovenská národná knižnica 
954 |a odborná, vedecká literatúra pôvodná (slovenská)  |2 lita 
958 |a article2022 
958 |a RC 
958 |a SK 
958 |a OND 
958 |a EUIPO 
999 |c 2969613  |d 2971543